| 000 | 00935 a2200205 4500 | ||
|---|---|---|---|
| 020 | _a0471742449 | ||
| 040 |
_aDLC _bDLC |
||
| 082 | _a621.384 | ||
| 100 | 1 | _aMitola, Joseph. | |
| 245 | 1 | 0 |
_aCognitive radio architecture: the engineering foundations of radio XML _bthe engineering foundations of radio XML _cJoseph Mitola |
| 246 | 3 | _aCognitive radio architecture : the engineering foundations of radio XML [electronic resource] | |
| 260 |
_aHoboken, N.J. : _bJohn Wiley & Sons, _c2006. |
||
| 300 |
_axi, 473 p. : _bill. ; _c25 cm. + _e1 CD-ROM (4 3/4 in.) |
||
| 538 | _aSystem requirements for accompanying CD-ROM: IBM PC or compatible; CD-ROM drive. | ||
| 650 | 0 | _aSoftware radio. | |
| 650 | 0 | _aXML (Document markup language) | |
| 710 | 2 | _aWiley InterScience (Online service) | |
| 856 | 4 | 1 | _uhttp://libproxy1.nus.edu.sg/login?url=http://www3.interscience.wiley.com/cgi-bin/homepage/?isbn=9780471773733 |
| 942 |
_cBK _k621.384 MIT _2ddc |
||
| 999 |
_c8295 _d8295 |
||